| 000 | 02263cam a22003011i 4500 | ||
|---|---|---|---|
| 003 | SA_RiAUC | ||
| 005 | 20250917125453.0 | ||
| 008 | 250915s2012 ku g f000 0 ara c | ||
| 020 | _a9789996650284 | ||
| 040 |
_aSA-MaMIU _bara _cSA-RiAUC _erda |
||
| 082 | 0 | 4 |
_a254.28 _qSA-RiAUC |
| 090 |
_a254.28 _bز ع ب |
||
| 100 | 1 |
_aالزعبي، شبيب محمد _eمؤلف. |
|
| 245 | 1 | 2 |
_aالجائز والممنوع في الحداد المشروع / _cشبيب محمد الزعبي. |
| 250 | _aالطبعة الأولى، جديدة منقحة. | ||
| 264 | 1 |
_aالكويت : _bوزارة الأوقاف والشؤون الإسلامية، إدارة الثقافة الإسلامية، _c2012 |
|
| 300 |
_a48 صفحة ؛ _c22 سم |
||
| 336 |
_aنص _btxt _2rdacontent _3كتاب |
||
| 337 |
_aبدون وسيط _bn _2rdamedia |
||
| 338 |
_aمجلد _bnc _2rdacarrier |
||
| 650 | 7 |
_aالعدة (فقه إسلامي) _2aucsh |
|
| 650 | 7 |
_aالحداد (فقه إسلامي). _2aucsh |
|
| 650 | 7 |
_aالأحوال الشخصية للمسلمين _2aucsh |
|
| 856 |
_uhttp://saaid.net/book/10/3389.rar _yDigital Copy _2 نرجو الانتباه لإمكانية وجود اختلاف في الطبعة أو الناشر بين البيانات على البوابة وما ستجده على الكتاب نظرا لمحدودية المعلومات المتاحة على الموقع الناشر للمادة. _3Please note that there may be a difference in the edition or publisher between the data on the portal and the book due to the limited information available on the publisher website for the material. |
||
| 856 |
_uhttp://saaid.net/book/open.php?cat=4&book=4706 _yExternal Link _2 نرجو الانتباه لإمكانية وجود اختلاف في الطبعة أو الناشر بين البيانات على البوابة وما ستجده على الكتاب نظرا لمحدودية المعلومات المتاحة على الموقع الناشر للمادة. _3Please note that there may be a difference in the edition or publisher between the data on the portal and the book due to the limited information available on the publisher website for the material. |
||
| 942 |
_2ddc _cBOOK _n0 |
||
| 949 |
_aSA-JeALM _d250915 _umohamedma123 _n1 |
||
| 999 |
_c11856 _d11856 |
||